Análisis químico cuantitativo (Registro nro. 7912)
[ vista simple ]
| 000 -CABECERA | |
|---|---|
| Campo de control interno | 01684nam a2200241Ia 4500 |
| 008 - ELEMENTOS DE LONGITUD FIJA - INFORMACIÓN GENERAL | |
| Campo de control de longitud fija | 260220t1969||||xx |||||||||||||| ||spa|| |
| 040 ## - FUENTE DE CATALOGACIÓN | |
| Agencia de catalogación original | PY-SlUNAC |
| Idioma de catalogación | spa |
| Convenciones de descripción | rda |
| 041 ## - CÓDIGO DE IDIOMA | |
| Código de idioma para texto/pista de sonido o título separado | spa |
| 082 ## - NÚMERO DE CLASIFICACIÓN DECIMAL DEWEY | |
| Clasificación Decimal Dewey (CDD) | 545 |
| Clasificación Expansiva de Cutter (EC) | An13a |
| 245 #0 - TÍTULO | |
| Título | Análisis químico cuantitativo |
| 250 ## - MENCIÓN DE EDICIÓN | |
| Mención de edición | Cuarta edición |
| 264 ## - PIE DE IMPRENTA | |
| Lugar | Buenos Aires : |
| Editorial | Nigar, |
| Año | ℗1969. |
| 300 ## - DESCRIPCIÓN FÍSICA | |
| Páginas | 1 volumen |
| 520 ## - NOTA DE RESUMEN | |
| Nota de resumen | "Análisis químico cuantitativo" es una obra fundamental publicada en 1969 por Nigar, que aborda los principios y métodos del análisis químico con un enfoque en la cuantificación de sustancias. El libro se estructura en varios capítulos que explican las técnicas analíticas, incluyendo gravimetría, volumetría y métodos instrumental, proporcionando una base sólida para entender los procedimientos utilizados en la determinación precisa de componentes químicos en diversas muestras. A lo largo de la obra, se enfatiza la importancia de la exactitud y la precisión en los resultados, así como la necesidad de un manejo adecuado de reactivos y equipos de laboratorio. Además, se presentan ejemplos prácticos y ejercicios que facilitan la comprensión de los conceptos teóricos, convirtiéndolo en un recurso valioso tanto para estudiantes como para profesionales en el campo de la química. En resumen, el texto combina teoría y práctica, convirtiéndose en una referencia esencial para el análisis cuantitativo en química. |
| 653 ## - MATERIA - TÉRMINO TEMÁTICO NO CONTROLADO (PALABRAS CLAVE) | |
| Materia - término temático no controlado (palabras clave) | Análisis químico |
| 653 ## - MATERIA - TÉRMINO TEMÁTICO NO CONTROLADO (PALABRAS CLAVE) | |
| Materia - término temático no controlado (palabras clave) | Métodos de análisis |
| 653 ## - MATERIA - TÉRMINO TEMÁTICO NO CONTROLADO (PALABRAS CLAVE) | |
| Materia - término temático no controlado (palabras clave) | Química |
| 942 ## - ELEMENTOS PERSONALIZADOS (KOHA) | |
| Fecha catalogación | 2026/02/17 |
| Tipo de documento | Libros |
| Fuente de Clasificacion | Colección | Ubicacion permanente | Biblioteca actual | Fecha de Ingreso a la Biblioteca | Origen de adquisición | Enumeración en serie / cronología | Código de ubicación | Código de barras | Tipo de Item KOHA | Nota pública |
|---|---|---|---|---|---|---|---|---|---|---|
| Dewey Decimal Classification | Colección General (CG) | Biblioteca e Internet, Facultad de Ciencias Exactas y Naturales | Biblioteca e Internet, Facultad de Ciencias Exactas y Naturales | 02/20/2026 | Donación | 4aEd. | 545 An13a | CG1272 | Libros | Material disponible en la Biblioteca e Intenet, Campus UNA, San Lorenzo. |


